000 00768nam a2200229 a 4500
001 55877
003 BD-RjUL
005 20211209080327.0
008 161122s1949 ii ||||| |||| 00| 0 ben d
020 _c: IRs 8.00
035 _a(BD-RjUL)56001
040 _aBD-RjUL
_bben
_cBD-RjUL
041 _aben
082 _223
_a338.63
_bBAK 1949
100 _aবসু, রাজশেখর
_9166361
245 1 0 _aকুটিরশিল্প /
_cরাজশেখর বসু
260 _aকলিকাতা :
_bবিশ্বভারতী,
_c১৯৪৯ [১৩৫৬]
300 _a৩৮ পৃ. ;
_c১৭ সেমি.
650 _aউৎপাদন পদ্ধতি
_9166362
650 _aSystem of Production
_9166363
942 _2ddc
_cBK
999 _c55877
_d55877